Core concepts in cultural anthropology

This concise and affordable introduction to the basic ideas and practices of contemporary cultural anthropology addresses the needs of anthropology professors who make extensive use of ethnographies and other supplementary readings in their courses. Core Concepts in Cultural Anthropology offers a th...

詳細記述

保存先:
書誌詳細
第一著者: Lavenda, Robert H.
その他の著者: Robert Lavenda; Emily Schultz
言語:Undetermined
English
出版事項: Boston McGraw-Hill
主題:
タグ: タグ追加
タグなし, このレコードへの初めてのタグを付けませんか!
Thư viện lưu trữ: Trung tâm Học liệu Trường Đại học Trà Vinh
LEADER 01202nam a2200253Ia 4500
001 TVU_20004
008 210423s9999 xx 000 0 und d
020 |a 0073530980 
020 |a 9780073530987 
041 |a eng 
082 |a 306 
082 |b L111 
100 |a Lavenda, Robert H. 
245 0 |a Core concepts in cultural anthropology 
245 0 |c Robert Lavenda, Emily Schultz 
260 |a Boston 
260 |b McGraw-Hill 
300 |a xiii, 258 p. 
300 |c 23 cm 
504 |a Includes bibliographical references (p. 239-249) and index 
520 |a This concise and affordable introduction to the basic ideas and practices of contemporary cultural anthropology addresses the needs of anthropology professors who make extensive use of ethnographies and other supplementary readings in their courses. Core Concepts in Cultural Anthropology offers a thorough annotated bibliography of the terms and concepts that anthropologists use in their work, while its conceptual and theoretical framework prepares students to read ethnography more effectively 
650 |a Ethnology; Ethnology 
700 |a Robert Lavenda; Emily Schultz 
980 |a Trung tâm Học liệu Trường Đại học Trà Vinh